Responses for Show #1766 - Monday, April 13, 1992

Bruce Simmons game 1.

Contestants

[<< previous game]

Kathy Stone, a housewife from Austin, Texas

Bruce Simmons, a grad student from Minneapolis, Minnesota

Ed Bryant, a lawyer from Springfield, Massachusetts (whose 1-day cash winnings total $11,401)

Jeopardy! Round responses

BIOLOGY
TRANSPORTATION
THEATRE HISTORY
TEXTILES
COUPLES
"T" TIME
    $100 26
ovulating

Bruce
    $100 11
a bicycle

Bruce
    $100 7
China

Kathy
    $100 14
denim

Bruce
    $100 6
Arnold

Bruce
    $100 1
tarantulas

Kathy
    $200 28
the ear

Kathy
    $200 16
a mobile (home)

Ed
    $200 9
Hitler

Bruce
    $200 15
(Bruce: What's virgin wool?)
(Alex: Be more specific.)
(Bruce: Uh, what is... no answer.)

lamb's wool

Bruce
Triple Stumper
    $200 8
The Sound of Music

Bruce
    $200 2
Tasmania

Kathy
    $300 29
(Kathy: What is the gullet?)

the gizzard

Kathy
Triple Stumper
    $300 17
toll booths

Bruce
    $300 10
Athens

Ed
    $300 20
(Kathy: What is the boll?)

the seed

Kathy
Triple Stumper
    $300 22
Barbara Eden

Bruce
    $300 3
a tattletale

Ed
    $500 27
(Bruce: What is a foot?)

a head

Bruce
    $400 18
an air traffic controller

Bruce
    $400 12
Bernhardt

Bruce
    $400 21
seersucker

Kathy
    $400 23
Neil Simon

Bruce
    $400 4
(Desmond) Tutu

Kathy
    $500 30
meiosis & mitosis

Ed
    $500 19
(Ed: What is a camel saddle?)
(Alex: We need a name.)

a howdah

EdBruce
    $500 13
Moscow

Bruce
    $500 25
(Ed: What is cardigan?)

tweed

Ed
Triple Stumper
    $500 24
Paula Prentiss & Richard Benjamin

Bruce
    $500 5
taro

Kathy

Scores at the first commercial break (after clue 15):

Ed Bruce Kathy
$600 $1,400 $1,300

Scores at the end of the Jeopardy! Round:

Ed Bruce Kathy
$300 $3,400 $1,300

Double Jeopardy! Round responses

U.S. GEOGRAPHY
ARTISTS
COLLEGES & UNIVERSITIES
POTPOURRI
THE 20th CENTURY
NAME THE AUTHOR
    $200 1
Staten Island

Bruce
    $200 20
Sigmund Freud

Bruce
    $200 6
the University of Pennsylvania

Bruce
    $200 18
to get away scot-free

Bruce
    $200 13
the baseball strike

Bruce
    $200 3
Louis L'Amour

Kathy
    $400 2
Washington Irving

Kathy
    $400 21
Punch

Bruce
    $400 9
(Ed: What is Oxford?)
(Alex: Yes. No.)

Cambridge

EdBruce
    $400 19
(Alex: Native to South America.)

the Guinea pig

Triple Stumper
    $400 14
Liechtenstein

Ed
    $400 4
(Charles) Dickens

Bruce
    $600 25
(Bruce: What is South Dakota?)

Iowa

Bruce
Triple Stumper
    $600 22
the U.S. flag

Bruce
    $600 10
(Bruce: What's Montreal?)

Quebec

EdBruce
    $600 28
Lucky Charms

Kathy
    $600 15
the Sears Tower

Bruce
    $600 5
Dostoyevsky

Ed
    $800 26
El Paso

Bruce
    $800 23
(Ed: What is Bob?)
(Kathy: What is Bobby?)

(John) Constable

EdKathy
Triple Stumper
    $1,100 11
(Ed: What is the University of Virginia?)

the College of William and Mary

Ed
    $800 29
(Bruce: What is... French?)

English

Bruce
Triple Stumper
    $800 16
George VI

Bruce
    $800 7
(Henry) James

Bruce
    $2,000 27
(Alex: [Prior to the wager] We're running out of time.)

the Piedmont

Bruce
    $1000 24
El Greco

Bruce
    $1000 12
Queen Christina

Kathy
    $1000 30
(Kathy: What is England?)

Singapore

EdKathy
    $1000 17
Iceland

Bruce
    $1000 8
Edna Ferber

Kathy

Scores at the end of the Double Jeopardy! Round:

Ed Bruce Kathy
$600 $11,200 $2,700
(lock game)

[wagering suggestions for these scores]

Final Jeopardy! Round responses

AUSTRALIA
EdWhat are Queensland & Victoria
$543
KathyWhat are Victoria & Queensland
$1,200
BruceWhat are Victoria and Queensland?
$5,700
Queensland & Victoria

Final scores:

Ed Bruce Kathy
$1,143 $16,900 $3,900
3rd place: Konica Z-Up 80 RC camera + NES with Super Jeopardy! & Wheel of Fortune + InfoGenius for Game Boy New champion: $16,900 2nd place: trip on TWA to Hartford, Connecticut & stay at Killington Ski Resort in Vermont

Game dynamics:

Coryat scores:

Ed Bruce Kathy
$1,700 $10,700 $2,700
8 R,
5 W
(including 1 DD)
30 R
(including 1 DD),
5 W
(including 1 DD)
12 R,
4 W

Combined Coryat: $15,100

[game clues] [game scores] [suggest correction]

Game tape date: 1991-12-17
The J! Archive is created by fans, for fans. Scraping, republication, monetization, and malicious use prohibited; this site may use cookies and collect identifying information. See terms. The Jeopardy! game show and all elements thereof, including but not limited to copyright and trademark thereto, are the property of Jeopardy Productions, Inc. and are protected under law. This website is not affiliated with, sponsored by, or operated by Jeopardy Productions, Inc. Join the discussion at JBoard.tv.